00312nam a2200121Ia 4500008004100000041000800041082001400049100001700063245002800080260004400108300003100152365000700183240624s9999 xx 000 0 und d aeng a519.6 DOR aDORIGO MARCO aANT COLONY OPTIMIZATION c2005aNew DelhibPrentice-Hall of India axiv, : 305 : p. : cm. ; 26 cRS